(Record no. 6284)
[ view plain ]
| 000 -LEADER | |
|---|---|
| fixed length control field | 01898nam a22003137i 4500 |
| 003 - CONTROL NUMBER IDENTIFIER | |
| control field | URS |
| 005 - DATE AND TIME OF LATEST TRANSACTION | |
| control field | 20220117150807.0 |
| 008 - FIXED-LENGTH DATA ELEMENTS--GENERAL INFORMATION | |
| fixed length control field | 170908b xxu||||| |||| 00| 0 eng d |
| 020 ## - INTERNATIONAL STANDARD BOOK NUMBER | |
| International Standard Book Number | 9789719131120 |
| 040 ## - CATALOGING SOURCE | |
| Original cataloging agency | STII-DOST |
| Description conventions | rda |
| Transcribing agency | STII-DOST |
| Modifying agency | URS |
| Language of cataloging | eng |
| 050 14 - LIBRARY OF CONGRESS CALL NUMBER | |
| Classification number | GB5011.76 |
| Item number | .R2458 2014 =245 00 |
| Classification number | RED : |
| Item number | reference for emergency and disaster : |
| -- | iba na ang panahon : |
| -- | science for safer communities / |
| 264 #1 - PRODUCTION, PUBLICATION, DISTRIBUTION, MANUFACTURE, AND COPYRIGHT NOTICE | |
| Place of production, publication, distribution, manufacture | Bicutan, Taguig City : |
| Name of producer, publisher, distributor, manufacturer | Science and Technology Information Institute (STII), Department of Science and Technology (DOST), |
| Date of production, publication, distribution, manufacture, or copyright notice | ©2014. |
| 264 #4 - PRODUCTION, PUBLICATION, DISTRIBUTION, MANUFACTURE, AND COPYRIGHT NOTICE | |
| Date of production, publication, distribution, manufacture, or copyright notice | ©2014. |
| 300 ## - PHYSICAL DESCRIPTION | |
| Extent | 164 pages : |
| Other physical details | colored figures, graphs, illustrations, maps, photos, tables ; |
| Dimensions | 22 cm |
| 336 ## - CONTENT TYPE | |
| Source | rdacontent |
| Content type term | text |
| 337 ## - MEDIA TYPE | |
| Source | rdamedia |
| Media type term | unmediated |
| 338 ## - CARRIER TYPE | |
| Source | rdacarrier |
| Carrier type term | volume |
| 504 ## - BIBLIOGRAPHY, ETC. NOTE | |
| Bibliography, etc. note | Includes glossary and annexes. |
| 520 3# - SUMMARY, ETC. | |
| Summary, etc. | The Reference for Emergency and Disaster or RED Book serves as a handy tool of information about all possible natural hazards in the communities, the people in the barangays and the local leaders; the warning information given by agencies like PAGASA and PHIVOLCS; and special programs like Project NOAH and the suggested actions to take during these events. |
| 524 ## - PREFERRED CITATION OF DESCRIBED MATERIALS NOTE | |
| Preferred citation of described materials note | RED : Reference for emergency and disaster iba na ang panahon: science for safer communities. (2014). Bicutan, Taguig City : Science and Technology Information Institute (STII), Department of Science and Technology (DOST). |
| 650 04 - SUBJECT ADDED ENTRY--TOPICAL TERM | |
| Topical term or geographic name entry element | Natural disasters |
| Geographic subdivision | Philippines |
| Form subdivision | Reference |
| 650 04 - SUBJECT ADDED ENTRY--TOPICAL TERM | |
| Topical term or geographic name entry element | Hazards, Philippine |
| 650 04 - SUBJECT ADDED ENTRY--TOPICAL TERM | |
| Topical term or geographic name entry element | Disaster management |
| Form subdivision | Manual |
| 650 04 - SUBJECT ADDED ENTRY--TOPICAL TERM | |
| Topical term or geographic name entry element | Disaster preparedness |
| Form subdivision | Manual |
| 650 04 - SUBJECT ADDED ENTRY--TOPICAL TERM | |
| Topical term or geographic name entry element | Emergency Preparedness |
| Form subdivision | Reference |
| 710 0# - ADDED ENTRY--CORPORATE NAME | |
| Corporate name or jurisdiction name as entry element | Philippines. NOAH Strategic Communication Intervention (NOAH StratComm) Project |
| 710 0# - ADDED ENTRY--CORPORATE NAME | |
| Corporate name or jurisdiction name as entry element | Philippines. Science and Technology Information Institute (STII), Department of Science and Technology (DOST) |
| 942 ## - ADDED ENTRY ELEMENTS (KOHA) | |
| Source of classification or shelving scheme | Library of Congress Classification |
| Koha item type | Filipiniana |
| Withdrawn status | Source of classification or shelving scheme | Damaged status | Not for loan | Collection code | Home library | Current library | Shelving location | Date acquired | Total Checkouts | Full call number | Barcode | Date last seen | Price effective from | Koha item type |
|---|---|---|---|---|---|---|---|---|---|---|---|---|---|---|
| Library of Congress Classification | Non-fiction | Tanay College Library | Tanay College Library | General Stacks | 09/08/2017 | GB5011.76 .R2458 2014 | URSTAN-N2452 | 09/08/2017 | 09/08/2017 | Filipiniana | ||||
| Library of Congress Classification | Non-fiction | Tanay College Library | Tanay College Library | General Stacks | 09/08/2017 | GB5011.76 .R2458 2014 | URSTAN-N2453 | 09/11/2017 | 09/08/2017 | Filipiniana | ||||
| Library of Congress Classification | Non-fiction | Tanay College Library | Tanay College Library | General Stacks | 09/08/2017 | GB 5011.76 .R2458 2014 | URSTAN-D1886 | 09/11/2017 | 09/08/2017 | Filipiniana | ||||
| Library of Congress Classification | Non-fiction | Tanay College Library | Tanay College Library | General Stacks | 09/08/2017 | GB 5011.76 .R2458 2014 | URSTAN-D1885 | 09/11/2017 | 09/08/2017 | Filipiniana |